=LDR 00000nam 2200000 4500 =001 000129 =020 $9786026563910 =082 $613.200 =100 $$a Mita Aeera =245 $$a Buku pintar emak: 30 menu mpasi terbaik /$c Mita Aeera =250 $Cetakan kedua =264 $Depok: Senja Media Utama 2023 =300 $72 halaman; 24 cm. =650 $Kesehatan =905 $613.2 MIT b =336 $$a =337 $$a =338 $$a =005 20260702151432.0 =008 260702s2026\\\\\\\\\\\\\\\\\\\\\\\\\\\\\\\\\\\\\\\\\